[Event "Patras op"]
[Site "Patras"]
[Date "2002.08.02"]
[Round "2.19"]
[White "Chatzigiannis, S."]
[Black "Sigalas, Frangiskos"]
[Result "1/2-1/2"]
[WhiteElo "1805"]
[BlackElo "2153"]
[PlyCount "120"]
[EventDate "2002.08.??"]
[EventType "swiss"]
[EventRounds "9"]
[EventCountry "GRE"]
[SourceTitle "CBM 089 Extra"]
[Source "ChessBase"]
[SourceDate "2002.09.10"]
[SourceVersion "2"]
[SourceVersionDate "2002.09.10"]
[SourceQuality "1"]

1. e4 e6 2. d4 d5 3. Nd2 Be7 4. Bd3 c5 5. exd5 Qxd5 6. Ngf3 cxd4 7. Nb3 Nc6 8. Nbxd4 Nxd4 9. Nxd4 Qxg2 10. Bb5+ Kf8 11. Rf1 e5 12. Qf3 Qxf3 13. Nxf3 Bd6 14. Bd2 Bg4 15. Ng5 Rc8 16. Ne4 Be7 17. Bc3 Nf6 18. Nxf6 Bxf6 19. Rg1 Bf3 20. Rg3 e4 21. Bxf6 gxf6 22. c3 Ke7 23. Be2 Bxe2 24. Kxe2 f5 25. Re3 Ke6 26. f3 Ke5 27. Re1 Rhg8 28. Kf2 Rcd8 29. R1e2 Rd1 30. fxe4 f4 31. Rh3 Rgg1 32. Rh5+ Ke6 33. Kf3 Rgf1+ 34. Rf2 Rxf2+ 35. Kxf2 Rd2+ 36. Kf3 Rxb2 37. Rxh7 Rxa2 38. Kxf4 Rc2 39. Rh3 b6 40. Rh6+ Ke7 41. h4 Rxc3 42. e5 b5 43. Ra6 Rc7 44. h5 Kf8 45. h6 Kg8 46. Kg5 b4 47. Rd6 Rb7 48. Rd1 b3 49. e6 fxe6 50. Kg6 Kf8 51. h7 Rxh7 52. Kxh7 a5 53. Ra1 Kf7 54. Rxa5 Kf6 55. Rb5 e5 56. Kh6 Kf5 57. Rxb3 e4 58. Kh5 Kf4 59. Kh4 e3 60. Rxe3 Kxe3 1/2-1/2